000
00315nam a2200133Ia 4500
008
190216s9999||||xx |||||||||||||| ||und||
100
_a
A.Vinod
245
0
_a
Marketing Management / I
250
_a
i
260
_b
Calicut University Central Co-Operative
_c
2002
300
_a
441
650
_a
Commerce
942
_c
BK
999
_c
8140
_d
8140